Приказы по Военной автомобильной базе СНК и переписка по вопросам, связанным с ее работой

Доступно только в Электронных читальных залах Найти на картеНа карте
RUSMARC
00004499nac2a22003131x 450
001f5638a82-6f26-4c9f-a4a9-b1f11c8e1b05
00520160318054850.0
100##$a20150821l19191919k y0rusy50 ca
1010#$arus
102##$aRU
105##$ay z |||e|
1222#$ad19190103
$ad19191231
2001#$aПриказы по Военной автомобильной базе СНК и переписка по вопросам, связанным с ее работой
$j3 января - 31 декабря 1919
215##$a579 листов
251##$cДело
300##$aЗаголовок дела на папке: Приказы по Военной автомобильной базе при Совете Народных Комиссаров и переписка по вопросам, связанным с ее работой
300##$aЛисты: 21 - малоконтрастный и трудночитаемый; 56, 381, 554 - поврежденные; 8, 98, 314, 408, 416, 477 - красные чернила; 11 - копия расшита отдельно от оригинала; 365-368 - склеены между собой
300##$aЧасть текста рукописная и машинописная, часть - напечатана типографским способом
324##$aВ деле имеются копии отдельных документов
325##$aЗамикрофильмировано
330##$aВходит в раздел описи: XI. Военно-Автомобильная база СНК
461#0$1001ad6baeac-e292-4829-90d1-2f4f65796a62
$12001
$aСОВЕТ НАРОДНЫХ КОМИССАРОВ РСФСР (СНК РСФСР)
$1251
$cФонд
$1852
$j130
$gР
462#0$1001b67950a2-451c-4959-b990-a53e352adcaa
$12001
$a1919 год
$vД. 728
$1251
$cОпись
$1852
$j3
5171#$aПриказы по Военной автомобильной базе при Совете Народных Комиссаров и переписка по вопросам, связанным с ее работой
60101$3RU\NLR\AUTH\661074810
$aРСФСР
$bСовет Народных Комиссаров
60102$aСНК РСФСР. Военная автомобильная база
801#0$aRU
$bGA_RF
801#1$aRU
$bНПО Опыт
$c20150821
$2rusmarc
801#2$aRU
$bПБ им. Б.Н. Ельцина
$c20160318
$gRCR
$2rusmarc
852##$aГА РФ
$j728
937##$d68182488
$hПБ
035##$aRuPRLIB51032849
Формат отображения